• 首页
  • 本馆介绍
  • 公告通知
  • 最新文献
  • 馆藏检索
  • 电子资源
  • 读者导购
  • 参考咨询
  • 我的图书馆
  • 登录
  • 详细信息显示
  • 放入我的书架
  • 预约/预借图书
  • 作者相关作品
  • 分类相关作品
  • 丛书相关作品
  • 出版社相关作品

书目信息

  • 表格格式
  • 工作单格式
  • 卡片格式
题名:
中国古代美学艺术论文集
    
 
作者: 蒋孔阳 主编
分册:  
出版信息: 上海   上海古籍出版社  1981
页数: 388页
开本: 21cm
丛书名:
单 册:
中图分类: I0-53
科图分类:
主题词: 文学理论
电子资源:
ISBN:
000 00631nam0 2200229 45
001 0181003095
005 20060913093125.59
010    @dCNY1.20
091    @a10186.242
100    @a19950613d1981 em y0chiy0121 ea
101 0  @achi
102    @aCN@b310000
105    @ay z 000yy
200 10 @a中国古代美学艺术论文集@Azhong guo gu dai mei xue yi shu lun wen ji@f蒋孔阳主编
210    @a上海@c上海古籍出版社@d1981
215    @a388页@d21cm
606 0  @a文学理论
690    @aI0-53
701  0 @a蒋孔阳@Ajiang kong yang@4主编
801  2 @aCN@bNLC@c20060913
801  0 @aCN@b上海图书馆@c20060912
905    @f1@b218630@dI0-53@e134
    
    中国古代美学艺术论文集/蒋孔阳主编.-上海:上海古籍出版社,1981
    388页;21cm
    
    
    ISBN :CNY1.20
    
●
相关链接 在E读中查询图书 在五车中查询图书 在当当中查询图书 在豆瓣中查询图书


正题名:中国古代美学艺术论文集     索取号:I0-53/134         预约/预借

序号 登录号 条形码 馆藏地/架位号 状态 备注
1 0218630   000901313   第二借阅区/ [索取号:I0-53/134] 在馆    
2 0218631   000900993   第一样本阅览室/ [索取号:I0-53/134] 在馆    
3 0450299   204502993   密集书库/ [索取号:I0-53/134] 在馆    
4 0472241   204722416   密集书库/ [索取号:I0-53/134] 在馆    
5 0475127   204751278   密集书库/ [索取号:I0-53/134] 在馆    
唐山师范学院图书馆 欢迎您!
大连网信软件有限公司© 版权所有